| 000 | 00372nam a22001457a 4500 | ||
|---|---|---|---|
| 003 | NUST | ||
| 005 | 20230206122036.0 | ||
| 082 | _a954.9045,RIZ | ||
| 100 |
_aRiza, Shaukat _9107396 |
||
| 245 |
_aThe Pakistan Army War 1965 / _cMaj Gen (R) Shaukat Riza |
||
| 260 |
_aService Book Club _bRawalpindi _c1984 |
||
| 300 | _a293 p | ||
| 650 |
_aWar 1965 _9108656 |
||
| 942 |
_2ddc _cBK |
||
| 999 |
_c593139 _d593139 |
||